Регионална библиотека "Любен Каравелов" - Русе

Лирика (Запис номер 114425)

MARC детайли
000 -Лидер
Контролно поле с фиксирана дължина 01208nam a2200301 c 4500
003 - Код на организацията, давaща контролен номер
Контролно поле BLK
005 - Дата и час на последна редакция
Контролно поле 20240823123320.0
008 - Елементи от данни с фиксирана дължина
fixed length control field 180409b bul|||||r ||||||| ||bul||
010 ## - Наследен системен номер
LC control number KNG00119856000
040 ## - Източник на каталожния запис
Идентификатор на билиотеката - собственик на записа BLK
041 ## - Код за език
Код за езика на текст/звукозапис или на отделно заглавие Български
Код за езика КДБФ Български
080 ## - УДК
Текстов определител УДК Английска литература
УДК код - определител по УДК 821.111
УДК определител -1
УДК - код + определител 821.111-1
100 1# - Редна дума - Автор
Автор Байрон, Джордж Гордън Ноуъл
Авторска отговорност първи автор
R(LIN) 367011
139 ## - Редно поле
Редна дума Байрон, Джордж Гордън Ноел
Авторски знак Баир - Б 15
245 10 - Сведения за заглавието
Заглавие Лирика
Редно поле (дума) Джордж Гордън Ноуъл Байрон; прев. от англ. Любен Любенов.
257 ## - Страна на издаване
Страна на създаване/издаване Великобритания
260 ## - Област на издателските данни
-- София
Име на издателя, разпространителя и проч. Нар. култура
Година на издаване 1968
300 ## - Физическа характеристика
Страници 160 с.
Размери/Мащаб 18 см
380 ## - Жанр
Жанр Худож. лит.
490 1# - СЕРИИ (Колекции)
Име на серия Библиотека Световни поети
700 1# - Други автори (авторска отговорност)
Лично име Любенов, Любен
Автороска отговорност (Описва отношението между автора и произведението) прев. от англ.
Друга информация Прангов, Любен Георгиев
9 (RLIN) 363992
852 ## - Местоположение
Форматна сигнатура Цб І 10413
856 4# - Електронен адрес и достъп
Електронен формат pdf - файл
Път до файла /url/
856 4# - Електронен адрес и достъп
Електронен формат pdf - файл
Път до файла /url/
942 ## - АРТИКУЛИ
Вид на библиотечния материал Книги
Скрит в OPAC Не
Koha issues (borrowed), all copies 3
944 ## - СЪЗДАВАНЕ И РЕДАКЦИЯ на ЗАПИСА
Създаване/Редакция Създаване
Дата на регистрацията/редакция 14.10.2010
Статус, дата на статуса Цветелина Шанова
Служител, извършил регистрацията/редакцията 30531
944 ## - СЪЗДАВАНЕ И РЕДАКЦИЯ на ЗАПИСА
Създаване/Редакция Редакция
Дата на регистрацията/редакция 02.04.2012
Статус, дата на статуса добави в АБ / 13.10.2010
Служител, извършил регистрацията/редакцията
999 ## - СИСТЕМНИ КОНТРОЛНИ НОМЕРА
Koha biblionumber 114425
Koha biblioitemnumber 114425
Наличности
Код за отписване Код за изгубен артикул Код за повреда Коз за рестрикции Код за отдаване Артикулен № Име на библиотеката - собственик Име на библиотеката, в която се намира в момента Статус (Текущо местоположение) Дата на вписване в системата Местоположение - отдел Цена в лева Инвентарен номер Систематично азбучна сигнатура Баркод Номер на екземпляра Цена в евро Служебна бележка Служебен тип на артикула Източник на класификационната схема
  Не е изгубен Не е повреден без рестрикции заемане за дома 183082 Регионална библиотека "Любен Каравелов" Русе Регионална библиотека "Любен Каравелов" Русе Заемна - подръчен фонд 2010-10-06 Заемна - подръчен фонд 4.00 120000746321 П 820-1/Б 15 120000746321 1 2.05 Дост: DA Вид: А N: 21 Дата: 06.10.2010 Дата инв: 14.02.2018 Бележки инв: П2018 Книги  
Изтеглен Не е изгубен Не е повреден без рестрикции заемане за дома 183083 Регионална библиотека "Любен Каравелов" Русе Регионална библиотека "Любен Каравелов" Русе Заемна - подръчен фонд 1968-01-01 Заемна - подръчен фонд 0.00 17269/68 П 820-1/Б 15 17269/68 2 0.00 Дост: Pk Вид: Ф N: стар фонд Дата: 01.01.1968 Книги Universal Decimal Classification
Изтеглен Не е изгубен Не е повреден без рестрикции заемане за дома 183084 Регионална библиотека "Любен Каравелов" Русе Регионална библиотека "Любен Каравелов" Русе Заемна - подръчен фонд 1968-01-01 Заемна - подръчен фонд 0.00 17270/68 П 820-1/Б 15 17270/68 3 0.00 Дост: Pk Вид: Ф N: стар фонд Дата: 01.01.1968 Книги Universal Decimal Classification
Изтеглен Не е изгубен Не е повреден без рестрикции заемане за дома 183085 Регионална библиотека "Любен Каравелов" Русе Регионална библиотека "Любен Каравелов" Русе Заемна - подръчен фонд 1968-01-01 Заемна - подръчен фонд 0.00 17271/68 П 820-1/Б 15 17271/68 4 0.00 Дост: Pk Вид: Ф N: стар фонд Дата: 01.01.1968 Книги Universal Decimal Classification
Изтеглен Не е изгубен Не е повреден без рестрикции заемане за дома 183086 Регионална библиотека "Любен Каравелов" Русе Регионална библиотека "Любен Каравелов" Русе Заемна - подръчен фонд 1968-01-01 Заемна - подръчен фонд 0.00 17272/68 П 820-1/Б 15 17272/68 5 0.00 Дост: Pk Вид: Ф N: стар фонд Дата: 01.01.1968 Книги Universal Decimal Classification
Изтеглен Не е изгубен Не е повреден без рестрикции заемане за дома 183087 Регионална библиотека "Любен Каравелов" Русе Регионална библиотека "Любен Каравелов" Русе Заемна - подръчен фонд 1968-01-01 Заемна - подръчен фонд 0.80 565673 П 820-1/Б 15 565673 6 0.41 Дост: Pk Вид: Ф N: стар фонд Дата: 01.01.1968 Дата инв: 14.02.2018 Бележки инв: П2018 Книги Universal Decimal Classification
  Не е изгубен Не е повреден само за читалня ползва се в читалня 183088 Регионална библиотека "Любен Каравелов" Русе Регионална библиотека "Любен Каравелов" Русе Хранилище 1968-01-01 Хранилище 0.80 17363/68 Цб І 10413 900000030425 7 0.41 Дост: Dp Вид: Д N: стар фонд Дата: 01.01.1968 Книги Universal Decimal Classification
Vip Innovations Ltd, Rousse, Bulgaria 2025